| 000 | 00627nam a2200181Ia 4500 | ||
|---|---|---|---|
| 005 | 20260216072618.0 | ||
| 008 | 160316s2001 xxu||||| |||| 00| 0 eng d | ||
| 020 | _a8172146191 (hdk) | ||
| 082 | _a306 RAJ | ||
| 100 | _aRaj Y Anthony | ||
| 245 |
_aSocial impact of conversion : _ba comparative sociological study on the christians of scheduled caste origin and scheduled caste hindus / _cY Anthony Raj |
||
| 260 |
_aDelhi : _bISPCK, _c2001. |
||
| 300 |
_axx, 164 p. : _c22 cm |
||
| 365 | _bRs.125/- | ||
| 650 | _aScheduled Castes - Christains - Hindus - A Sociological Comparative Study | ||
| 700 |
_a _a |
||
| 942 |
_2ddc _cBK |
||
| 999 |
_c9869 _d9869 |
||